00811nam a22002177a 450000100060000000300080000600500170001400800410003103500190007204000260009104100080011708200250012524502410015026000390039130000310043065000250046165000260048670000250051270000290053770000270056673871BD-RjUL20211209082445.0170613s1963 nyua|||| |||| 00| 0 eng d a(BD-RjUL)74089 aBD-RjULbengcBD-RjUL aeng 223a543.19bANA 196300aAnalysis instrumentation - 1963 :b Proceedings of the Ninth National Analysis Instrumentation Symposium, held April 29-May 1, 1963, at Houston, Texas /cInstrument Society of America ; edited by L. Fowler, R. D. Eanes and T. J. Kehoe. aNew York : bPlenum Press, c1963. ax, 261 p. :bill. ;c28 cm aAnalytical chemistry aInstrumental analysis aFowler, L.,qeditors a Eanes , R. D.,qeditors aKehoe, T. J.,qeditors